Libertad de elegir: hacia un nuevo liberalismo económico
-д хадгалсан:
| Үндсэн зохиолчид: | , |
|---|---|
| Формат: | Ном |
| Хэл сонгох: | испани |
| Хэвлэсэн: |
Barcelona
Grijalbo
1980
|
| Хэвлэл: | 2a. ed |
| Нөхцлүүд: | |
| Шошгууд: |
Шошго нэмэх
Шошго байхгүй, Энэхүү баримтыг шошголох эхний хүн болох!
|
MARC
| LEADER | 00000nam a2200000 a 4500 | ||
|---|---|---|---|
| 001 | UCX1324 | ||
| 003 | CL-VaPUC | ||
| 008 | 900801e19800000SP |||||||||||||||||spa|d | ||
| 082 | 0 | 4 | |a 330.122 |b FRI |2 21 |
| 100 | 0 | |a Friedman, Milton |e author |9 316800 | |
| 700 | 0 | |a Friedman, Rose |e author |9 316801 | |
| 245 | 1 | 0 | |a Libertad de elegir: hacia un nuevo liberalismo económico |
| 250 | |a 2a. ed | ||
| 300 | |a 436 p | ||
| 942 | |c BK | ||
| 945 | |d 19900801 00:00:00 | ||
| 260 | |a Barcelona |b Grijalbo |c 1980 | ||
| 650 | 0 | |a Capitalismo |9 255255 | |
| 650 | 7 | |a ESTADO BENEFACTOR SOCIAL |2 CL-VaPUC |9 316802 | |
| 650 | 7 | |a INDUSTRIA Y ESTADO |2 CL-VaPUC |9 258143 | |
| 583 | |a last modification |c 19900801 00:00:00 |k Rodrigo Vera | ||
| 999 | |c 222586 |d 222584 | ||
| 952 | |0 0 |1 0 |4 0 |6 330_122000000000000_FRI_1980 |7 0 |8 A |9 217546 |a BIBENE |b BIBENE |d 2019-11-15 |i 286472K |o 330.122 FRI 1980 |p 286472K |r 2025-01-15 |w 2019-11-15 |y BK |k ICO | ||
| 952 | |0 0 |1 0 |4 0 |6 330_122000000000000_FRI_1980 |7 0 |8 A |9 217547 |a BIBENE |b BIBENE |d 2019-11-15 |i 2864738 |o 330.122 FRI 1980 |p 2864738 |r 2025-01-15 |w 2019-11-15 |y BK |k ICO | ||
| 952 | |0 0 |1 0 |4 0 |6 330_122000000000000_FRI_1980 |7 0 |8 A |9 217548 |a BIBENE |b BIBENE |d 2019-11-15 |i 2864746 |o 330.122 FRI 1980 |p 2864746 |r 2025-01-15 |w 2019-11-15 |y BK |k ICO | ||